Los reflejos de la meseta / (Registro nro. 2640)
[ vista simple ]
| 000 -LEADER | |
|---|---|
| fixed length control field | 01545nam a2200205 a 4500 |
| 008 - CAMPO DE CONTROL (LIBRO) | |
| fixed length control field | 190917e2014 ag |||g |||| 001 0 spa d |
| 020 ## - INTERNATIONAL STANDARD BOOK NUMBER | |
| ISBN | 9789873360985 |
| 041 ## - CODIGO DE IDIOMA | |
| Código de idioma del texto/pista de sonido o título separado | spa |
| 092 ## - SIGNATURA TOPOGRAFICA DEWEY LOCAL | |
| número de clasificación | 861 |
| libristica | 92 |
| sección | VIT |
| 100 1# - ENTRADA PRINCIPAL--NOMBRE PERSONAL | |
| Nombre personal | Vitarelli, Maria Beatriz |
| 9 (RLIN) | 3486 |
| 245 #4 - TITULO PROPIAMENTE DICHO | |
| Título | Los reflejos de la meseta / |
| Mención de responsabilidad y remanente de la transcripción de la portada | Maria Beatriz Vitarelli |
| 250 ## - MENCION DE EDICION | |
| Mención de edición | 1a ed. |
| 260 ## - PIE DE IMPRENTA | |
| Lugar de publicación, distribución, etc | Neuquén: |
| Nombre de la editorial, distribuidor, etc | el autor; |
| Fecha de publicación | 2014. |
| 300 ## - DESCRIPCION FISICA | |
| Extension | 100 p. |
| Dimensiones | 14,5x21 cm. |
| 500 ## - NOTA GENERAL | |
| Nota general | Vitarello, M. B. (2014). Los reflejos de la meseta. (1a ed.). Neuquén : el autor. |
| 505 ## - NOTA DE CONTENIDO | |
| Nota de contenido formateada | La obra poética de Irma Cuña (1932-2004) supo conjugar con suma fineza un universo lírico donde diversas voces lograron conformar una visión múltiple de los mundos que habitaban a esta gran escritora, docente e investigadora neuquina. Así, desde esa complicidad silenciosa que parecía susurrarle la meseta patagónica en las inaugurales páginas de Neuquina, hasta el halo místico que insinuaron sus últimos poemas en Salmos, la obra de Irma Cuña trascendió las fronteras regionales y nacionales para dar testimonio de un discurso lírico que, además de pronunciarse en una búsqueda incesante de esa otredad que la esperanzaba, hacía del hecho poético una estrategia sublime para proyectarse más allá de los límites de un horizonte formalmente permitido. Sin duda, una configuración utópica que podría resumir la intencionalidad que atesoraba su palabra en el poema. |
| 590 ## - NOTAS LOCALES (RLIN) | |
| Nota local | Proyecto 4to libro, donacion Maria Vitarelli Diciembre 2017. |
| 655 ## - MATERIA - GENERO/FORMA | |
| Género/Forma | Literatura |
| -- | 2917 |
| 942 ## - ADDED ENTRY ELEMENTS (KOHA) | |
| Source of classification or shelving scheme | Dewey Decimal Classification |
| Item type | LITERATURA |
| Estado de retiro | Existencia | Fuente de clasificación | Estado general | No para prestamo | Ubicación permanente | ubicación actual | Sala de ubicación | Fecha de adquisición | Fuente de adquisición | Total Checkouts | Número de clasificación | Código de barras | Date last seen | Número de ejemplar | Price effective from | Koha tipo de elemento (item) | Public note |
|---|---|---|---|---|---|---|---|---|---|---|---|---|---|---|---|---|---|
| Dewey Decimal Classification | Biblioteca Medicina | Biblioteca Medicina | Circulación | 06/02/2018 | Donación Maria Vitarelli, diciembre 2017 | 861 92 VIT | 4145 | 06/02/2018 | Ej. 1 | 06/02/2018 | LITERATURA | Proyecto 4to libro. Donación Maria Vitarelli, diciembre 2017 | |||||
| Dewey Decimal Classification | Biblioteca Medicina | Biblioteca Medicina | Circulación | 06/02/2018 | Donación Maria Vitarelli, diciembre 2017 | 861 92 VIT | 4155 | 06/02/2018 | Ej. 2 | 06/02/2018 | LITERATURA | Proyecto 4to libro. Donación Maria Vitarelli, diciembre 2017 |